000 00567nam a2200217Ia 4500
003 GCL
008 140319s9999 xx 000 0 eng d
040 _aGCL /
_cGCL
082 0 4 _a669
_bT F
100 1 _aTALYOR, HOWARD F.
245 1 0 _aFOUNDRY ENGINEERING /
_cTALYOR, HOWARD F.
700 1 _aFLEMINGS, MERTON C.
700 1 _aWUIFF, JOHN
260 _a[S.N] :
_bWILEY EASTERN LIMITED ،
_c1993
300 _a407 P
650 0 4 _aالتحليل الرياضى
650 0 4 _aCIVIL ENGINEERING
650 0 4 _aMETALS
650 0 4 _aMETALLURGY
942 _2ddc
_cBK
999 _c20492
_d20492